Statistics for Diaspora-Poland

Click here to take the quiz!

General Stats

  • This quiz has been taken 114 times
    (105 since last reset)
  • The average score is 18 of 26

Answer Stats

Number of immigrants Continent Country % Correct
9.569.207North AmericaUnited States of America
100%
700.000-1.000.000EuropeUnited Kingdom
99%
1.800.000-3.000.000South AmericaBrazil
97%
2.000.000-3.000.000EuropeGermany
97%
73.000Asia/ EuropeRussia
94%
1.010.705North AmericaCanada
93%
500.000South AmericaArgentina
91%
1.000.000EuropeFrance
90%
69.353EuropeSpain
82%
110.212EuropeSweden
80%
144.130EuropeUkraine
80%
51.968EuropeCzech Republic
78%
200.317EuropeLithuania
73%
15.000North AmericaMexico
73%
122.528EuropeIreland
72%
47.300OceaniaAustralia
69%
294.549-700.000EuropeBelarus
69%
100.000South AmericaChile
68%
5.000EuropeDenmark
57%
51.548EuropeLatvia
55%
5.000AsiaKazakhstan
50%
1.250.000AsiaIsrael
49%
16.748South AmericaParaguay
45%
9.371EuropeIceland
35%
5.000AsiaLebanon
11%
5.000EuropeCyprus
9%

Score Distribution

Percentile by Number Answered

Percent of People with Each Score

Your Score History

You have not taken this quiz since the last reset